| 000 | 00458nam a2200145Ia 4500 | ||
|---|---|---|---|
| 008 | 150121s9999 xx 000 0 und d | ||
| 020 | _a0115-3153 | ||
| 245 |
_aPhilippine Journal of Psychology / _h[electronic resource] |
||
| 260 |
_bPsychological Association of the Philippines, _c2014. |
||
| 516 | _aElectronic text | ||
| 650 | _aPsychology. | ||
| 830 | _aPhilippine E-Journals | ||
| 856 | _uhttp://www.ejournals.ph/index.php?journal=PJP | ||
| 942 | _cEJ | ||
| 999 |
_c277075 _d277075 |
||